| 000 | | | 03633nmc2a22002413x 450 |
| 001 | | | a543a077-e2b5-4866-83c3-c613cc78574a |
| 005 | | | 20210403013702.0 |
| 100 | ## | $a | 20200915l19001901k l0rusy0189 ca |
| 101 | 0# | $a | rus |
| 102 | ## | $a | RU |
| 105 | ## | $a | y### |
| 122 | 2# | $a | d |
| 200 | 1# | $a | Статистические сведения о ввозе и вывозе продуктов по губерниям и по таможням России железнодорожными и водными путями |
| | $j | 1900-1901 гг. |
| 215 | ## | $a | 143 л. |
| | $d | 36,5х26 см |
| 251 | ## | $c | Дело |
| 300 | ## | $a | Отдел статистический |
| 371 | ## | $a | Документ не является опубликованным и широко распространяемым |
| 461 | #0 | $1 | 001462bc950-73da-43c4-909a-7b2c52d22778 |
| | $1 | 2001 |
| | $a | Совет съездов представителей промышленности и торговли |
| | $1 | 251 |
| | $c | Фонд |
| | $1 | 852 |
| | $j | 32 |
| 462 | #0 | $1 | 0016d63d908-4edb-4782-94eb-bfaf477d4f70 |
| | $1 | 2001 |
| | $a | Опись № 1 |
| | $1 | 251 |
| | $c | Опись |
| | $1 | 852 |
| | $j | 1 |
| 801 | #0 | $a | RU |
| | $b | РГИА |
| | $c | 20200915 |
| | $g | RCR |
| 801 | #1 | $a | RU |
| | $b | ГлавНИВЦ |
| | $c | 20200915 |
| | $2 | rusmarc |
| 801 | #2 | $a | RU |
| | $b | ПБ им. Б.Н. Ельцина |
| | $c | 20210403 |
| | $g | RCR |
| | $2 | rusmarc |
| 850 | ## | $a | РГИА |
| 852 | ## | $a | РГИА |
| | $e | Федеральное казенное учреждение "Российский государственный исторический архив" (РГИА) |
| | $j | 1174 |
| 937 | ## | $h | РГИА |
| | $d | 12351637 |
| | $a | ASBIBLIO_SCAN |
| 035 | ## | $a | RusGRCC00012542 |
| 856 | ## | $u | http://readingroom.main.prlib.ru/item.aspx?id_node=n161080066&mode=full |